| 000 | 00754nam a2200217Ii 4500 | ||
|---|---|---|---|
| 003 | JO-AjNU | ||
| 008 | 230606s9999||||xx |||||||||||||| ||und|| | ||
| 020 | _a978-1-4129-5445-7 | ||
| 040 |
_aJO-AjNU _beng _erda _cJO-AjNU |
||
| 041 | _aeng | ||
| 050 | 1 | 4 | _aLB3044.7.B46 2008 |
| 100 | 3 |
_aBener,William N, _eauthor _916 |
|
| 245 | 0 | 0 | _aDifferentiating Instruction For Students With Learning Disabilities |
| 250 | _a2 ed | ||
| 264 | 3 | 1 | _aNew York: Coucil For Exeptional Children,2008/Corwin Press A Sage Publications Company Thousand Oaks,2008 |
| 300 | _a206P | ||
| 336 |
_atext _btxt _2rdacontent |
||
| 337 |
_aunmediated _bn _2rdamedia |
||
| 338 |
_avolume _bnc _2rdacarrier |
||
| 650 | 4 |
_aLearning disabilities-Education. Individualized Instruction _917 |
|
| 999 |
_aE12 _c12 _d12 |
||